000
00299nam a2200145Ia 4500
100
_a
Siegel/Charles
942
_c
BK
654
_a
Foxpro 2.5
245
_a
Mastering Foxpro 2.5
260
_b
BPB Pub
_a
New Delhi
_c
1993
082
_a
5.13
_b
SIE
300
_a
982
546
_a
ENGLISH
999
_c
21304
_d
21304